000 00615nam a2200241 i 4500
001 C2-0238555
003 PPAK
005 20180727201619.0
008 020422s2000 nyu |||| ||||| | eng d
020 _a0671040588
040 _aPPAK
_beng
_cPPAK
_erda
082 0 4 _a823
_223
090 0 0 _a823
_bMCM
_dG
100 1 _aMcMurtry, Larry,
_eauthor
245 1 0 _aBoone's lick
264 1 _aNew York :
_bPocket Star Books ,
_c2000
300 _a287 pages ;
_c17 cm
336 _2rdacontent
_atext
337 _2rdamedia
_aunmediated
338 _2rdacarrier
_avolume
650 1 0 _aEnglish fiction
942 _ddc
_cB
999 _c53901
_d53901